アイドルマスター ミリオンライブ! ベストアルバム収録曲 - Statistics

General Stats
  • This quiz has been taken 8 times
  • The average score is 102 of 120
Answer Stats
No. 楽曲名 歌唱ユニット/メンバー % Correct
1-9 瞳の中のシリウス 四条貴音・高坂海美・徳川まつり・宮尾美也
100%
2-6 ジレるハートに火をつけて 灼熱少女
100%
2-9 星屑のシンフォニア ミルキーウェイ
100%
3-1 ハルカナミライ 天海春香・春日未来
100%
3-3 エスケープ ジュリア・所恵美
100%
3-6 アライブファクター 如月千早・最上静香
100%
3-11 深層マーメイド 我那覇響・伊吹翼
100%
4-6 夜に輝く星座のように 松田亜利沙・横山奈緒
100%
4-10 ジャングル☆パーティー 大神環・双海真美
100%
5-1 ランニング・ハイッ キャンサー
100%
5-8 プリムラ ウィルゴ
100%
5-13 メメント?モメント♪ルルルルル☆ タウラス
100%
1-10 ハーモニクス D/Zeal
100%
1-11 ハルマチ女子 りるきゃん〜3 little candy〜
100%
1-12 だってあなたはプリンセス Charlotte・Charlotte
100%
1-13 月曜日のクリームソーダ Jelly Pop Beans
100%
2-2 ラビットファー Xs
100%
2-13 深紅のパシオン chicAAmor
100%
2-16 ABSOLUTE RUN!!! ストロベリーポップムーン
100%
1-2 Angelic Parade♪ エンジェルスターズ
100%
4-11 Beat the World!!! 菊地真・舞浜歩
100%
1-12 Bigバルーン◎ 双海亜美・馬場このみ・永吉昴・野々原茜
100%
2-7 Birth of Color BIRTH
100%
1-3 Blue Symphony 如月千早・北沢志保・田中琴葉・所恵美
100%
1-4 Brand New Theater! 765 MILLION ALLSTARS
100%
3-2 成長Chu→LOVER!! 望月杏奈・七尾百合子
100%
3-8 Cut. Cut. Cut. 周防桃子・真壁瑞希
100%
1-3 Dreaming! (765 MILLION ALLSTARS ver.) 765 MILLION ALLSTARS
100%
4-12 Emergence Vibe 島原エレナ・星井美希
100%
1-15 Episode. Tiara STAR ELEMENTS
100%
2-4 Eternal Harmony エターナルハーモニー
100%
1-1 FairyTaleじゃいられない フェアリースターズ
100%
1-6 Flyers!!! 765 MILLION ALLSTARS
100%
4-5 fruity love ロコ・野々原茜
100%
4-1 G♡F 秋月律子・篠宮可憐
100%
1-7 Good-Sleep, Baby♡ 高槻やよい・大神環・中谷育・矢吹可奈
100%
2-2 Growing Storm! 乙女ストーム!
100%
1-8 Helloコンチェルト 松田亜利沙・秋月律子・木下ひなた・佐竹美奈子
100%
2-5 HOME, SWEET FRIENDSHIP リコッタ
100%
5-9 待ちぼうけのLacrima アクアリウス
100%
1-1 Legend Girls!! 天海春香・天空橋朋花・七尾百合子・箱崎星梨花・最上静香
100%
1-5 虹色letters Cleasky
100%
4-2 little trip around the world 水瀬伊織・エミリー
100%
1-5 Marionetteは眠らない 星井美希・伊吹翼・北上麗花・ジュリア
100%
5-4 NO CURRY NO LIFE カプリコーン
100%
3-7 Persona Voice 二階堂千鶴・萩原雪歩
100%
1-3 Princess Be Ambitious!! プリンセススターズ
100%
2-14 ReTale ≡君彩≡
100%
1-4 Sentimental Venus 水瀬伊織・エミリー・真壁瑞希・百瀬莉緒
100%
2-3 Shooting Stars クレシェンドブルー
100%
5-12 Sweet Sweet Soul アリエス
100%
1-1 Thank you! (765 MILLION ALLSTARS ver.) 765 MILLION ALLSTARS
100%
4-9 Understand? Understand! 田中琴葉・高坂海美
100%
1-8 花ざかりweekend✿ 4 Luxury
100%
1-2 Welcome!! (765 MILLION ALLSTARS ver.) 765 MILLION ALLSTARS
100%
1-6 カワラナイモノ 三浦あずさ・篠宮可憐・高山紗代子・福田のり子
83%
1-11 ココロがかえる場所 萩原雪歩・周防桃子・二階堂千鶴・ロコ
83%
2-1 合言葉はスタートアップ! レジェンドデイズ
83%
5-2 ゲキテキ!ムテキ!恋したい! レオ
83%
5-14 永遠の花 ジェミニ
83%
1-4 昏き星、遠い月 夜想令嬢 -GRAC&E NOCTURNE-
83%
1-9 咲くは浮世の君花火 閃光☆HANABI団
83%
2-5 百花は月下に散りぬるを 花咲夜
83%
3-12 カーテシーフラワー 高坂海美・三浦あずさ・中谷育
83%
3-13 聖ミリオン女学園校歌 永吉昴・如月千早・篠宮可憐
83%
3-14 花びらメモリーズ 白石紬・佐竹美奈子・周防桃子・所恵美
83%
2-11 Arrive You ~それが運命でも~ TIntMe!
83%
2-12 Black★Party TRICK&TREAT
83%
5-5 サンリズム・オーケストラ♪ (Brand New Ver.) Sunshine Rhythm
83%
5-11 リフレインキス (Brand New Ver.) スコーピオ
83%
5-10 brave HARMONY (Brand New Ver.) BlueMoon Harmony
83%
2-3 Cherry Colored Love Sherry 'n Cherry
83%
1-10 Crossing! 765 MILLION ALLSTARS
83%
2-1 dans l'obscurité Chrono-Lexica
83%
3-10 Decided 徳川まつり・馬場このみ
83%
3-17 ENDLESS TOUR 春日未来・最上静香・箱崎星梨花
83%
1-10 Fu-Wa-Du-Wa 菊地真・双海真美・島原エレナ・舞浜歩
83%
1-7 Glow map 765 MILLION ALLSTARS
83%
1-8 Harmony 4 you 765 MILLION ALLSTARS
83%
1-14 ピコピコIIKO! インベーダー ピコピコプラネッツ
83%
1-7 Melty Fantasia EScape
83%
2-7 絶対的Performer miraclesonic★expassion
83%
3-5 piece of cake 北上麗花・北沢志保
83%
5-7 P.S I Love You ピスケス
83%
5-6 Raise the FLAG サジタリウス
83%
3-9 Smiling Crescent 箱崎星梨花・宮尾美也
83%
2-10 STANDING ALIVE ARRIVE
83%
5-15 Starry Melody (Brand New Ver.) Starlight Melody
83%
2-6 Super Duper Jus-2-Mint
83%
1-5 UNION!! 765 MILLION ALLSTARS
83%
3-15 U・N・M・E・Iライブ 春日未来・最上静香・箱崎星梨花
83%
3-8 World Changer 如月千早・星井美希・エミリー・菊地真・天海春香
83%
1-6 ZETTAI × BREAK!! トゥインクルリズム トゥインクルリズム
83%
4-7 秘密のメモリーズ 四条貴音・豊川風花
67%
2-15 フリースタイル・トップアイドル! ARMooo
67%
3-3 赤い世界が消える頃 矢吹可奈・北上麗花・佐竹美奈子・篠宮可憐・真壁瑞希
67%
3-5 オーディナリィ・クローバー 桜守歌織・最上静香・望月杏奈・百瀬莉緒・宮尾美也
67%
3-6 ラスト・アクトレス 田中琴葉・周防桃子・馬場このみ・真壁瑞希・白石紬
67%
3-9 クルリウタ 野々原茜・島原エレナ・北沢志保・桜守歌織・二階堂千鶴
67%
3-10 アライアンス・スターダスト ZWEIGLANZ
67%
3-16 ターンオンタイム! 春日未来・最上静香・箱崎星梨花
67%
5-3 Bonnes! Bonnes!! Vacances!!! リブラ
67%
2-10 Deep, Deep Blue ダイヤモンドダイバー◇
67%
3-4 Eternal Spiral 高槻やよい・矢吹可奈
67%
4-3 Melody in scape 高山紗代子・佐竹美奈子
67%
2-9 Parade d'amour オペラセリア・煌輝座
67%
1-2 PRETTY DREAMER 我那覇響・春日未来・豊川風花・望月杏奈・横山奈緒
67%
1-9 夢にかけるRainbow (Brand New Ver.) 765 MILLION ALLSTARS
67%
2-8 ドリームトラベラー ミックスナッツ
50%
3-1 創造は始まりの風を連れて 七尾百合子・ロコ・天空橋朋花・箱崎星梨花・松田亜利沙
50%
3-4 ビッグバンズバリボー!!!!! 高坂海美・所恵美・豊川風花・高山紗代子・横山奈緒
50%
4-13 Dreamscape 永吉昴・福田のり子
50%
2-4 Fermata in Rapsodia ARCANA
50%
3-7 Girl meets Wonder 箱崎星梨花・周防桃子・我那覇響・徳川まつり・永吉昴
50%
2-8 Special Wonderful Smile Fleuranges
50%
4-4 "Your" HOME TOWN 木下ひなた・双海亜美
50%
4-8 たしかな足跡 三浦あずさ・百瀬莉緒
33%
3-2 俠気乱舞 周防桃子・木下ひなた・大神環・ジュリア・福田のり子
33%
3-11 Shine My Way ZWEIGLANZ
33%
3-12 HELLO, YOUR ANGEL♪ 天空橋朋花・中谷育
17%
No matching quizzes found
Score Distribution
Percent of People with Each Score
Percentile by Number Answered
Your Score History
You have not taken this quiz